01158nam a2200301 k 4500001001300000005001500013008004100028020003300069040001900102041001300121049001700134056001500151090002200166100002400188245019100212246010600403260002800509300002400537500002800561504002400589546004400613653004200657700002400699700001400723740008400737900002400821950001100845KMO20260044820260331090615260328s2025 ulkd 000 kor a9791168223660g03190c\17800 a146043c1460431 akorhjpn0 lMEM000012025 a325.21126 a325.211b니59ㅎ1 a니시 다케유키20a(뇌과학자가 알려주는) 하고 싶은 일 찾는 법b1만 명의 재능과 강점을 이끌어낸 7단계 자기 탐색 프로그램d니시 다케유키 지음e이정현 옮김19a「やりたいこと」の見つけ方b1万人の才能を引き出してきた?科?者が?える a서울b서사원c2025 a255p.b도표c20cm a원저자명: 西剛志 a참고문헌 수록 a일본어 원작을 한국어로 번역 a뇌과학자a자기계발a성공학1 a니시 다케유키1 a이정현02a1만 명의 재능과 강점을 이끌어낸 7단계 자기 탐색 프로그램10a니시 타케유키0 b\17800 |
|---|